Statistics for Prime Ministers of the UK - One Minute Sprint

Click here to take the quiz!

General Stats

  • This quiz has been taken 2,603 times
  • The average score is 17 of 54

Answer Stats

TermPartyPrime Minister% Correct
2016-ConservativeTheresa May
93%
1997-2007LabourTony Blair
90%
2010-2016ConservativeDavid Cameron
89%
1979-1990ConservativeMargaret Thatcher
87%
2007-2010LabourGordon Brown
86%
1940-1945, 1951-1955ConservativeWinston Churchill
82%
1990-1997ConservativeJohn Major
73%
1964-1970, 1974-1976LabourHarold Wilson
63%
1945-1951LabourClement Attlee
58%
1970-1974ConservativeEdward Heath
56%
1976-1979LabourJames Callaghan
56%
1955-1957ConservativeAnthony Eden
52%
1957-1963ConservativeHarold Macmillan
47%
1937-1940ConservativeNeville Chamberlain
47%
1963-1964ConservativeAlec Douglas-Home
40%
1868, 1874-1880ConservativeBenjamin Disraeli
40%
1916-1922LiberalDavid Lloyd George
38%
1766-1768WhigWilliam Pitt the Elder
36%
1783-1801, 1804-1806ToryWilliam Pitt the Younger
36%
1868-1874, 1880-1885, 1886, 1892-1894LiberalWilliam Gladstone
35%
1923-1924, 1924-1929, 1935-1937ConservativeStanley Baldwin
33%
1924, 1929-1935Labour/National LabourRamsay MacDonald
30%
1908-1916LiberalHerbert Asquith
29%
1721-1742WhigSir Robert Walpole
29%
1834-1835, 1841-1846ConservativeRobert Peel
28%
1922-1923ConservativeAndrew Bonar Law
24%
1852, 1858-1859, 1866-1868ConservativeEarl of Derby
23%
1885-1886, 1886-1892, 1895-1902ConservativeMarquis of Salisbury
20%
1902-1905ConservativeArthur Balfour
19%
1828-1830, 1834ToryDuke of Wellington
18%
1905-1908LiberalHenry Campbell-
Bannerman
17%
1852-1855PeeliteEarl of Aberdeen
16%
1812-1827ToryLord Liverpool
15%
1830-1834WhigEarl Grey
13%
1894-1895LiberalEarl of Rosebery
12%
1855-1858, 1859-1865Liberal/WhigLord Palmerston
12%
1754-1756, 1757-1762WhigDuke of Newcastle
11%
1834, 1835-1841WhigLord Melbourne
11%
1770-1782ToryLord Frederick North
10%
1762-1763ToryEarl of Bute
9%
1846-1852, 1865-1866Liberal/WhigLord John Russell
9%
1809-1812TorySpencer Perceval
9%
1827ToryGeorge Canning
7%
1801-1804ToryHenry Addington
7%
1743-1754WhigHenry Pelham
7%
1763-1765WhigGeorge Grenville
6%
1806-1807WhigLord Grenville
6%
1827-1828ToryViscount Goderich
6%
1756-1757WhigDuke of Devonshire
5%
1768-1770WhigDuke of Grafton
5%
1783, 1807-1809ToryDuke of Portland
5%
1765-1766, 1782WhigMarquess of Rockingham
5%
1742-1743WhigEarl of Wilmington
4%
1782-1783WhigEarl of Shelburne
3%

Score Distribution

Percentile by Number Answered

Percent of People with Each Score

Your Score History

You have not taken this quiz